Regional economic outlook. Sub-saharan Africa: capital flows and the future of work (Record no. 42461)

MARC details
000 -LEADER
fixed length control field 00454nam a2200169Ia 4500
020 ## - INTERNATIONAL STANDARD BOOK NUMBER
ISBN 9781484375396
050 ## - CALL MARK
Classification number HC 800 .R4/
245 #0 - TITLE STATEMENT
Title Regional economic outlook. Sub-saharan Africa: capital flows and the future of work
260 ## - PUBLICATION, DISTRIBUTION, ETC. (IMPRINT)
Place of publication Washington
260 ## - PUBLICATION, DISTRIBUTION, ETC. (IMPRINT)
Name of publisher International Monetary Fund
260 ## - PUBLICATION, DISTRIBUTION, ETC. (IMPRINT)
Year of publication 2018
300 ## - PHYSICAL DESCRIPTION
Number of Pages 57 p
650 ## - SUBJECT ADDED ENTRY--TOPICAL TERM
Topical Term Washington
942 ## - ADDED ENTRY ELEMENTS (KOHA)
Koha item type Books
Holdings
Withdrawn status Lost status Source of classification or shelving scheme Damaged status Not for loan Permanent Location Current Location Shelving location Date acquired Accession Number Price effective from Koha item type
    Library of Congress Classification     NILE UNIVERSITY OF NIGERIA - MAIN LIBRARY NILE UNIVERSITY OF NIGERIA - MAIN LIBRARY Items on shelf 06/03/2025 0188623 06/03/2025 Books